Crónicas de un caballero andante 1958-1999 / (Registro nro. 3913)

Detalles MARC
000 -LEADER
fixed length control field 01312nam a2200277Ia 4500
003 - CONTROL NUMBER IDENTIFIER
control field OSt
005 - DATE AND TIME OF LATEST TRANSACTION
control field 20200918172949.0
008 - FIXED-LENGTH DATA ELEMENTS--GENERAL INFORMATION
fixed length control field 191128s1999 ck gr 000 0 spa d
020 ## - INTERNATIONAL STANDARD BOOK NUMBER
International Standard Book Number 9589136044
040 ## - CATALOGING SOURCE
Original cataloging agency CO-JMCR
Transcribing agency CO-JMCR
041 0# - LANGUAGE CODE
Language code of text/sound track or separate title spa
082 04 - DEWEY DECIMAL CLASSIFICATION NUMBER
Classification number 916 /
Item number E775c
Edition number 23
100 1# - MAIN ENTRY--PERSONAL NAME
Personal name Espinosa, Germán,
Relator term autor
9 (RLIN) 10549
245 10 - TITLE STATEMENT
Title Crónicas de un caballero andante 1958-1999 /
Statement of responsibility, etc. Germán Espinosa
250 ## - EDITION STATEMENT
Edition statement Primera edición
260 ## - PUBLICATION, DISTRIBUTION, ETC.
Place of publication, distribution, etc. Bogotá :
Name of publisher, distributor, etc. Ediciones Aurora,
Date of publication, distribution, etc. 1999
300 ## - PHYSICAL DESCRIPTION
Extent 431 Páginas ;
Dimensions 21 cm.
490 0# - SERIES STATEMENT
Series statement Literatura colombiana
500 ## - GENERAL NOTE
General note Incluye datos biográficos y retrato del autor en solapa.
505 0# - FORMATTED CONTENTS NOTE
Formatted contents note La noche de las posturas -- Los tigres fantasmales de Baghelkhand -- Un concepto de la docencia -- Las resurrecciones de Saint-Germain -- Acerca de la muerte negra -- Variaciones en torno al pudor -- La gota fría sobre Washington
520 3# - SUMMARY, ETC.
Summary, etc. En las crónicas de un caballero andante, el autor, haciendo uso riguroso de la historiografía, nos comenta con maestría sobre las culturas milenarias del África, la peste a lo largo de los siglos, los horrores del fascismo y de la II Guerra Mundial.
650 14 - SUBJECT ADDED ENTRY--TOPICAL TERM
Topical term or geographic name entry element Crónicas--Africa
9 (RLIN) 10550
651 #4 - SUBJECT ADDED ENTRY--GEOGRAPHIC NAME
Geographic name Africa
General subdivision historia
Geographic subdivision Siglo XX
9 (RLIN) 10551
651 #4 - SUBJECT ADDED ENTRY--GEOGRAPHIC NAME
Geographic name Africa
General subdivision civilización
9 (RLIN) 10552
942 ## - ADDED ENTRY ELEMENTS (KOHA)
Source of classification or shelving scheme Dewey Decimal Classification
Koha item type Books
Existencias
Withdrawn status Lost status Source of classification or shelving scheme Damaged status Not for loan Home library Current library Date acquired Source of acquisition Total Checkouts Full call number Barcode Date last seen Date last checked out Copy number Koha item type
    Dewey Decimal Classification     Biblioteca Pública José María del Castillo y Rada Biblioteca Pública José María del Castillo y Rada 12/15/2019 Donación 1 916 / E775c 201808584 06/26/2025 06/25/2025 Ej.1 Books